MARC

LEADER 00000nam0a2200000 4500
001 31436
005 20231030204458.0
010 |a 5160005692 
035 |a (RuTPU)RU\TPU\book\31714 
035 |a BOOK00000004 
090 |a 31436 
100 |a 20011209d2001 m y0rusy50 ca 
101 0 |a rus 
102 |a RU 
105 |a  j 000zy 
200 1 |a Налоги и налогообложение  |e курс лекций  |f Н. В. Миляков 
210 |a Москва  |c Инфра-М  |d 2001 
215 |a 303 с. 
225 1 |a Высшее образование 
451 1 |0 (RuTPU)RU\TPU\book\14079  |y 5-86225-922-8  |t Налоги и налогообложение  |o Курс лекций  |f Н. В. Миляков  |c М.  |n Инфра-М  |d 2000  |p 348 с.  |s Высшее образование  |a Миляков, Николай Викторович 
610 1 |a экономика 
610 1 |a финансы 
610 1 |a государственные доходы 
610 1 |a налоги 
610 1 |a налогообложение 
610 1 |a налог на прибыль 
610 1 |a отчисления 
610 1 |a платежи 
610 1 |a природные ресурсы 
610 1 |a пользование 
610 1 |a предприятия 
610 1 |a имущество 
610 1 |a акцизы 
610 1 |a добавленная стоимость 
610 1 |a продажи 
610 1 |a таможенные пошлины 
610 1 |a учебные пособия 
686 |a У9(2)261.4я73  |v LBC/SL-A  |2 rubbk 
700 1 |a Миляков  |b Н. В.  |g Николай Викторович 
801 0 |a RU  |b 63413507  |c 20011209  |g PSBO 
801 2 |a RU  |b 63413507  |c 20211014  |g PSBO 
942 |c BK